000 00658nam a2200229Ia 4500
003 OSt
005 20250624153442.0
008 210716s2020 xx 000 0 und d
020 _a9788126579969
040 _cAIMIT LIBRARY
041 _aeng
082 _a005.740285
_21
_bACHS
100 _aAcharya, Seema.
_9215907
245 _aDemystifying NoSQL /
_cby Seema Acharya.
250 _a1st ed.
260 _aNew Delhi :
_bWILEY ,
_c2020.
300 _axviii,259p.;
_bPB
_c24.5 cm.
650 _aTypes of nosql databases
_9215908
650 _aColumn family store
_9215941
650 _aGraph based database
_9215942
942 _2ddc
_cBK
_k005.740285 ACHS
999 _c197239
_d197239